Weapons of the 21st century (Record no. 24308)

MARC details
000 -LEADER
fixed length control field 00642nam a2200241 i 4500
001 - CONTROL NUMBER
control field C2-0103144
003 - CONTROL NUMBER IDENTIFIER
control field PPAK
005 - DATE AND TIME OF LATEST TRANSACTION
control field 20180727100530.0
008 - FIXED-LENGTH DATA ELEMENTS--GENERAL INFORMATION
fixed length control field 970601s1992 enka|||| ||||| | eng d
020 ## - INTERNATIONAL STANDARD BOOK NUMBER
International Standard Book Number 1854222732
040 ## - CATALOGING SOURCE
Original cataloging agency PPAK
Language of cataloging eng
Transcribing agency PPAK
Description conventions rda
082 04 - DEWEY DECIMAL CLASSIFICATION NUMBER
Classification number 623.4
Edition number 23
090 00 - LOCALLY ASSIGNED LC-TYPE CALL NUMBER (OCLC); LOCAL CALL NUMBER (RLIN)
Classification number (OCLC) (R) ; Classification number, CALL (RLIN) (NR) 623.4
Feature heading YEN
Feature heading R
100 1# - MAIN ENTRY--PERSONAL NAME
Personal name Yenne, Bill,
Relator term author
245 10 - TITLE STATEMENT
Title Weapons of the 21st century
264 #1 - PRODUCTION, PUBLICATION, DISTRIBUTION, MANUFACTURE, AND COPYRIGHT NOTICE
Place of production, publication, distribution, manufacture Leicester :
Name of producer, publisher, distributor, manufacturer Magna Books ,
Date of production, publication, distribution, manufacture, or copyright notice 1992
300 ## - PHYSICAL DESCRIPTION
Extent 80 pages :
Other physical details illustrations ;
Dimensions 30 cm
336 ## - CONTENT TYPE
Source rdacontent
Content type term text
337 ## - MEDIA TYPE
Source rdamedia
Media type term unmediated
338 ## - CARRIER TYPE
Source rdacarrier
Carrier type term volume
650 10 - SUBJECT ADDED ENTRY--TOPICAL TERM
Topical term or geographic name entry element Weapons systems
942 ## - ADDED ENTRY ELEMENTS (KOHA)
-- dc
Koha item type Book
Holdings
Withdrawn Not for loan Current library Shelving location Date acquired Full call number Barcode Date last seen Koha item type Total Checkouts
  Not For Loan Perpustakaan Alor Setar Rujukan Dewasa 20/01/1998 R 623.4 YEN A00106389 08/05/2018 Book  
  Not For Loan Perpustakaan Awam Sungai Petani Rujukan Dewasa 14/03/2004 R 623.4 YEN A00424053 08/05/2018 Book  
  Not For Loan Perpustakaan Jitra Rujukan Dewasa 31/03/2004 R 623.4 YEN A00847473 08/05/2018 Book  
  Not For Loan Perpustakaan Jitra Rujukan Dewasa 07/04/2004 R 623.4 YEN A00848145 08/05/2018 Book  
  Not For Loan Perpustakaan Kulim Rujukan Dewasa 04/03/2004 R 623.4 YEN A00342000 08/05/2018 Book  
  Not For Loan Perpustakaan Langkawi Rujukan Dewasa 18/10/2005 R 623.4 YEN A00355213 08/05/2018 Book  
  Not For Loan Perpustakaan Langkawi Rujukan Dewasa 25/10/2005 R 623.4 YEN A00355730 08/05/2018 Book  
  Not For Loan Perpustakaan Yan Rujukan Dewasa 07/04/2004 R 623.4 YEN A00162572 27/10/2021 Book